Sports Quiz

Random Sports or NFL Quiz
Score 0/7 Timer 01:00
8 Plays Today
TDs QB % Correct
539Peyton Manning
97.1%
581*Tom Brady
96.5%
571*Drew Brees
89.3%
508Brett Favre
86.9%
420Dan Marino
83.3%
412*Aaron Rodgers
80.4%
421Philip Rivers
52.8%
Remove Ads.
Support Sporcle.
Get the best of Sporcle when you Go Orange. This ad-free experience offers more features, more stats, and more fun while also helping to support Sporcle. Thank you for becoming a member.

You're not logged in!

Compare scores with friends on all Sporcle quizzes.
OR
Log In

Show Comments

Extras

Top Quizzes Today


Score Distribution

Your Account Isn't Verified!

In order to create a playlist on Sporcle, you need to verify the email address you used during registration. Go to your Sporcle Settings to finish the process.

Report this User

Report this user for behavior that violates our Community Guidelines.

Details: